000 00294nam a22001337a 4500
008 170519b xxu||||| |||| 00| 0 eng d
020 _a9780870030321
041 _aeng
080 _a94(4)
100 _a16
101 _aSHH
245 _aTHE OTHER BALKAN WARS
_cKENNAN, G.F
942 _2udc
_cBK
999 _c13586
_d13586